Tendencias del empleo en los años noventa en América Latina y el Caribe /
Kaydedildi:
| Yazar: | |
|---|---|
| Materyal Türü: | Metin |
| Konular: | |
| Etiketler: |
Etiketle
Etiket eklenmemiş, İlk siz ekleyin!
|
MARC
| LEADER | 00000 a a2200000 04500 | ||
|---|---|---|---|
| 001 | 15937 | ||
| 003 | |||
| 040 | |||
| 100 | |a Weller, Jürgen | ||
| 245 | |a Tendencias del empleo en los años noventa en América Latina y el Caribe / |c Jürgen Weller | ||
| 650 | |a POBLACION OCUPADA | ||
| 650 | |a EMPLEO | ||
| 650 | |a CRECIMIENTO DEL EMPLEO | ||
| 650 | |a ESTADISTICAS DE EMPLEO | ||
| 773 | |g número 72; páginas 31-51 | ||
| 999 | |c 23361 |d 23361 | ||
